000 00325nam a2200121 4500
008 190312b xxu||||| |||| 00| 0 eng d
041 _aeng
080 _a043.3
100 _a0
101 _aMBE-BA
245 _aNdikimi i Auditimit të jashtëm në performancën e Bankave Komerciale në Kosovë
_cQerimi,A
942 _2ddc
_cBK
999 _c54732
_d54732